00354nam a2200121 a 450000500170000000800410001705000240005810000180008224500440010026000360014465000290018065000230020920140414131929.0101108s19uu xx 00 eng d aM 808.882bK79 2008 aKowitt, Holly aToo funny! :b234 laugh-out-loud jokes. aNew York :bScholastic,cc2008. aWit and humor, Juvenile. aRiddles, Juvenile.